| 000 | 00522nam a2200181 a 4500 | ||
|---|---|---|---|
| 001 | 000017310 | ||
| 005 | 20240411074010.0 | ||
| 008 | 100322s1963 dr 001 j spa d | ||
| 040 |
_aDO-SdBNP _bspa _cBNPHU |
||
| 082 |
_aRD863.44 _bS944c |
||
| 100 | 1 |
_aSuero, Ángel Augusto _97384 |
|
| 245 | 1 | 0 |
_aContra la corriente / _cÁngel Augusto Suero. |
| 260 |
_aSanto Domingo : _bComery, _c1963. |
||
| 300 |
_a175 p. ; _c16 cm. |
||
| 650 | 0 |
_aCuentos dominicanos _9176 |
|
| 650 | 4 |
_aLiteratura dominicanos _922561 |
|
| 049 | _aBNPD | ||
| 999 |
_c16835 _d16835 |
||